000 00601nam a2200229 a 4500
003 AR-BaBNM
005 20251128203243.0
008 082120s2002 ||||||||||||||000 | spa||
040 _cAR-BaBNM
100 1 _aArellano, Elida Inés
245 0 0 _aCuentos para niños tristes
260 _aBuenos Aires
_bLa libélula
_c1960
300 _a67 p.
_bláms.
650 4 _aLITERATURA INFANTIL
650 4 _aLIBROS PARA NIÑOS
650 4 _aCUENTOS DE ANIMALES
653 _aLITERATURA MARAVILLOSA
655 _aLITERATURA
700 1 _aMonsegur, Raúl
_eilustrador
942 _cBK
998 _cMARTIN
999 _c2585
_d2585